LEADER 00984nam0 2200277 450 001 000033058 005 20130507130543.0 100 $a20120528d1961----km-y0itaa50------ba 101 0 $aita 102 $aIT 200 1 $aOrzowei$fAlberto Manzi$ga cura di Romano Mastromattei 210 $aMilano$cBompiani$d1961 215 $a218 p.$d21 cm 225 2 $aNarratori moderni italiani e stranieri per la scuola media 410 0$12001$aNarratori moderni italiani e stranieri per la scuola media 700 1$aManzi,$bAlberto$0441569 702 1$aMastromattei,$bRomano 801 0$aIT$bUniversità della Basilicata - B.I.A.$gRICA$2unimarc 912 $a000033058 996 $aOrzowei$998985 997 $aUNIBAS BAS $aLETTERE CAT $aSTD078$b01$c20120528$lBAS01$h1224 CAT $aTTM$b30$c20130507$lBAS01$h1305 FMT Z30 -1$lBAS01$LBAS01$mBOOK$1BASA1$APolo Storico-Umanistico$2GEN$BCollezione generale$3FP/53664$653664$5L53664$820120528$f02$FPrestabile Generale